Normal view
MARC view
- McGrath, Michael E
Entry Personal Name
001 - CONTROL NUMBER
- control field: 55754
003 - CONTROL NUMBER IDENTIFIER
- control field: NUST
005 - DATE AND TIME OF LATEST TRANSACTION
- control field: 20210628201539.0
008 - FIXED-LENGTH DATA ELEMENTS
- fixed length control field: 210628|| aca||aabn | a|a d
040 ## - CATALOGING SOURCE
- Original cataloging agency: NUST
- Transcribing agency: NUST
100 ## - HEADING--PERSONAL NAME
- Personal name: McGrath, Michael E
670 ## - SOURCE DATA FOUND
- Source citation: Work cat.: (NUST): McGrath, Michael E., Next generation product development :how to increase productivity, cut costs, and reduce cycle times /, 2004.
